[Event "DVM U20w 2016"]
[Site "Borken-Gemen GER"]
[Date "2016.12.27"]
[Round "1"]
[White "Fromm, Katja"]
[Black "Peglau, Charis"]
[Result "1-0"]
[Termination "normal"]
[Board "4.3"]
[WhiteElo "1728"]
[BlackElo "1214"]
[WhiteTeam "Muldental Wilkau-Haßlau"]
[BlackTeam "SV Bannewitz"]
[PlyCount "115"]
[WhiteFideId "12929409"]
[BlackFideId "16219996"]
[EventCountry "GER"]
[EventRounds "7"]
[EventType "team-swiss"]
[EventDate "2016.12.26"]

1.d4 Nf6 2.c4 c5 3.e3 Nc6 4.Nf3 d6 5.Nc3 g6 6.Be2 Bg7 7.O-O O-O 8.b3 Bf5 9.Bb2
Qc7 10.Bd3 cxd4 11.Nb5 Qd7 12.Nbxd4 Bxd3 13.Qxd3 e5 14.Nxc6 e4 15. Nce5 dxe5
16.Qxd7 Nxd7 17.Rfd1 exf3 18.Rxd7 fxg2 19.Rad1 b6 20.Rb7 Rfb8 21.Rdd7 Rxb7
22.Rxb7 f6 23.Ba3 Bh6 24.Kxg2 f5 25.Kf3 e4+ 26.Ke2 g5 27.Bd6 Bg7 28.Bb8 h5
29.h3 h4 30.f3 exf3+ 31.Kxf3 Bf8 32.a4 Bc5 33.Bxa7 Re8 34. Rb8 Rxb8 35.Bxb8 Kf7
36.e4 fxe4+ 37.Kxe4 Kg6 38.Be5 Bb4 39.Bd4 Ba5 40.Bb2 Bb4 41.Be5 Bc5 42.Bc3 Kh5
43.Kf5 Be3 44.b4 Bf4 45.Bd4 Bc7 46.c5 Bb8 47. cxb6 g4 48.hxg4+ Kh6 49.Be3+ Kg7
50.Bf4 Bxf4 51.Kxf4 Kf6 52.b7 h3 53.b8=Q h2 54.Qh8+ Ke6 55.Qxh2 Kd5 56.Qd2+ Ke6
57.Qd4 Ke7 58.Ke5 1-0

[Event "DVM U20w 2016"]
[Site "Borken-Gemen GER"]
[Date "2016.12.27"]
[Round "1"]
[White "Peglau, Dora"]
[Black "Von Jan, Lena"]
[Result "0-1"]
[Termination "normal"]
[Board "4.4"]
[WhiteElo "1171"]
[BlackElo "1516"]
[WhiteTeam "SV Bannewitz"]
[BlackTeam "Muldental Wilkau-Haßlau"]
[PlyCount "130"]
[WhiteFideId "16220005"]
[BlackFideId "12946060"]
[EventCountry "GER"]
[EventRounds "7"]
[EventType "team-swiss"]
[EventDate "2016.12.26"]

1.e4 e5 2.Nf3 Nc6 3.Bc4 Bc5 4.c3 d6 5.d3 Nf6 6.Be3 Bb6 7.Nbd2 Ne7 8.O-O Ng6
9.Qb3 O-O 10.Ng5 Qd7 11.Nxf7 Rxf7 12.Nf3 h6 13.Bxf7+ Qxf7 14.Qxf7+ Kxf7 15.a4
Ng4 16.Rae1 Nxe3 17.fxe3 Kg8 18.a5 Bxa5 19.d4 Bd7 20.b4 Bb6 21. c4 c6 22.h4 Re8
23.h5 Nh8 24.Rf2 Bg4 25.c5 Bc7 26.cxd6 Bxd6 27.Nxe5 Bxe5 28.dxe5 Rxe5 29.Ra1 a6
30.Raf1 Rxe4 31.Rf8+ Kh7 32.Rd8 Bxh5 33.Rff8 Nf7 34.Rd4 Rxd4 35.exd4 Kg6 36.Kf2
Bg4 37.Kg3 Be6 38.Kf4 Bd5 39.g3 Nd6 40.Rd8 Nf5 41.g4 Nxd4 42.Rd6+ Kh7 43.Rd7 b5
44.Ra7 Nc2 45.Rxa6 Nxb4 46.Ra1 Nd3+ 47.Ke3 Ne5 48.Kf4 Ng6+ 49.Kf5 b4 50.Rb1 b3
51.g5 hxg5 52.Kxg5 Kg8 53.Ra1 Kh7 54.Rb1 c5 55.Rb2 Ne7 56.Re2 c4 57.Rxe7 b2
58.Re1 Be4 59.Kf4 b1=Q 60. Rxb1 Bxb1 61.Ke3 c3 62.Ke2 c2 63.Kd2 g5 64.Kc1 g4
65.Kd2 g3 0-1